[Event "V Copa Marcel Duchamp 2022"]
[Site "Montevideo"]
[Date "2022.02.19"]
[Round "9.10"]
[White "Granara Barreto, Sebastian"]
[Black "Coro, Lucas"]
[Result "1/2-1/2"]
[WhiteElo "2131"]
[BlackElo "2355"]
[Annotator "ChessBase"]
[PlyCount "95"]
[EventDate "2022.02.12"]
[EventCountry "URU"]
[SourceTitle "playchess.com"]
[Source "ChessBase"]
[SourceQuality "1"]
[TimeControl "5400+30"]

1. e4 {[%emt 0:01:19]} c6 {[%emt 0:01:37]} 2. d4 {[%emt 0:04:02]} d5 {[%emt 0:01:02]} 3. exd5 {[%emt 0:00:05]} cxd5 {[%emt 0:00:27]} 4. Bd3 {[%emt 0:01:06]} Nc6 {[%emt 0:00:38]} 5. c3 {[%emt 0:00:12]} Nf6 {[%emt 0:01:55]} 6. Bf4 {[%emt 0:01:34]} Bg4 {[%emt 0:00:59]} 7. Nf3 {[%emt 0:06:37]} e6 {[%emt 0:01:39]} 8. Nbd2 {[%emt 0:00:38]} Bd6 {[%emt 0:01:52]} 9. Bg3 {[%emt 0:04:25]} O-O {[%emt 0:00:51]} 10. O-O {[%emt 0:01:05]} Bxg3 {[%emt 0:03:34]} 11. hxg3 {[%emt 0:02:32]} Rb8 {[%emt 0:01:39]} 12. Qc2 {[%emt 0:01:04]} Ne7 {[%emt 0:02:40]} 13. Ne5 {[%emt 0:02:07]} Bf5 {[%emt 0:00:54]} 14. a4 {[%emt 0:03:03]} Qc7 {[%emt 0:06:45]} 15. Rfc1 {[%emt 0:06:04]} Rfc8 {[%emt 0:03:15]} 16. Qd1 {[%emt 0:01:36]} Nd7 {[%emt 0:03:18]} 17. Nxd7 {[%emt 0:05:37]} Qxd7 {[%emt 0:00:09]} 18. Nf3 {[%emt 0:00:06]} Bxd3 {[%emt 0:04:19]} 19. Qxd3 {[%emt 0:00:06]} Nc6 {[%emt 0:02:20]} 20. Re1 {[%emt 0:03:33]} a6 {[%emt 0:05:00]} 21. Re2 {[%emt 0:03:31]} Qc7 {[%emt 0:03:14]} 22. Rae1 {[%emt 0:03:10]} b5 {[%emt 0:02:01]} 23. axb5 {[%emt 0:04:42]} axb5 {[%emt 0:00:08]} 24. Ng5 {[%emt 0:00:06]} g6 {[%emt 0:02:37]} 25. Qf3 {[%emt 0:02:51]} Qe7 {[%emt 0:06:35]} 26. Qf4 {[%emt 0:02:03]} Kg7 {[%emt 0:09:54]} 27. Qg4 {[%emt 0:15:27]} Qf6 {[%emt 0:06:31]} 28. Re3 {[%emt 0:04:18]} h6 {[%emt 0:01:23]} 29. Nh3 {[%emt 0:02:36]} b4 {[%emt 0:04:51]} 30. Rf3 {[%emt 0:01:00]} h5 {[%emt 0:00:44]} 31. Qg5 {[%emt 0:04:25]} Qxg5 {[%emt 0:00:06]} 32. Nxg5 {[%emt 0:00:02]} Nd8 {[%emt 0:00:11]} 33. Ra1 {[%emt 0:01:38]} Rc7 {[%emt 0:03:14]} 34. Re3 {[%emt 0:06:35]} bxc3 {[%emt 0:00:04]} 35. bxc3 {[%emt 0:00:02]} Rbc8 {[%emt 0:01:14]} 36. Ra3 {[%emt 0:00:58]} Nb7 {[%emt 0:02:49]} 37. Ra6 {[%emt 0:06:34]} Rxc3 {[%emt 0:01:24]} 38. Nxe6+ {[%emt 0:00:06]} fxe6 {[%emt 0:01:16]} 39. Rexe6 {[%emt 0:00:06]} Rb3 {[%emt 0:04:55]} 40. Rxg6+ {[%emt 0:00:31]} Kf7 {[%emt 0:00:07]} 41. Rgb6 {[%emt 0:02:38]} Rcc3 {[%emt 0:03:10]} 42. Kh2 {[%emt 0:00:39]} Ke7 {[%emt 0:03:39]} 43. Rh6 {[%emt 0:00:16]} Kf7 {[%emt 0:02:20]} 44. Rxh5 {[%emt 0:00:40]} Nd8 {[%emt 0:01:06]} 45. Rxd5 {[%emt 0:00:25]} Nc6 {[%emt 0:00:16]} 46. Rc5 {[%emt 0:00:43]} Nxd4 {[%emt 0:00:13]} 47. Rxc3 {[%emt 0:00:06]} Rxc3 {[%emt 0:00:04]} 48. g4 1/2-1/2

[Event "V Copa Marcel Duchamp 2022"]
[Site "Montevideo"]
[Date "2022.02.19"]
[Round "9.11"]
[White "Menna Barreto, Felipe Kubiaki"]
[Black "Vazquez, Facundo"]
[Result "1/2-1/2"]
[WhiteElo "2351"]
[BlackElo "2319"]
[Annotator "ChessBase"]
[PlyCount "50"]
[EventDate "2022.02.12"]
[EventCountry "URU"]
[SourceTitle "playchess.com"]
[Source "ChessBase"]
[SourceQuality "1"]
[TimeControl "5400+30"]

1. d4 {[%emt 0:04:38]} Nf6 {[%emt 0:00:09]} 2. Nf3 {[%emt 0:00:08]} e6 {[%emt 0:00:07]} 3. Bf4 {[%emt 0:00:42]} c5 {[%emt 0:00:09]} 4. e3 {[%emt 0:00:18]} Qb6 {[%emt 0:00:08]} 5. Nc3 {[%emt 0:02:42]} a6 {[%emt 0:00:18]} 6. Na4 {[%emt 0:06:43]} Qa5+ {[%emt 0:00:03]} 7. c3 {[%emt 0:00:09]} c4 {[%emt 0:00:05]} 8. Nd2 {[%emt 0:09:07]} d5 {[%emt 0:00:18]} 9. b4 {[%emt 0:04:39]} Qd8 {[%emt 0:00:24]} 10. Be2 {[%emt 0:09:20]} Bd7 {[%emt 0:04:56]} 11. Rb1 {[%emt 0:00:55]} Bc6 {[%emt 0:03:39]} 12. O-O {[%emt 0:03:25]} Nbd7 {[%emt 0:04:25]} 13. Qc2 {[%emt 0:01:25]} Be7 {[%emt 0:02:56]} 14. Nc5 {[%emt 0:01:17]} O-O {[%emt 0:09:14]} 15. Nf3 {[%emt 0:04:20]} Nh5 {[%emt 0:10:10]} 16. Nxd7 {[%emt 0:02:20]} Bxd7 {[%emt 0:01:05]} 17. Ne5 {[%emt 0:12:43]} Nxf4 {[%emt 0:02:35]} 18. exf4 {[%emt 0:00:01]} Be8 {[%emt 0:05:22]} 19. Bg4 {[%emt 0:00:07]} Bd6 {[%emt 0:04:59]} 20. g3 {[%emt 0:01:39]} f5 {[%emt 0:02:11]} 21. Bh3 {[%emt 0:10:15]} Bxe5 {[%emt 0:00:43]} 22. fxe5 {[%emt 0:00:33]} Qe7 {[%emt 0:01:39]} 23. f4 {[%emt 0:01:20]} b6 {[%emt 0:02:01]} 24. a4 {[%emt 0:00:54]} Bh5 {[%emt 0:00:40]} 25. a5 {[%emt 0:05:53]} b5 {[%emt 0:00:47]} 1/2-1/2

[Event "V Copa Marcel Duchamp 2022"]
[Site "Montevideo"]
[Date "2022.02.19"]
[Round "9.12"]
[White "Carvalho, Guillermo"]
[Black "Vitoux, Colomban"]
[Result "0-1"]
[WhiteElo "2171"]
[BlackElo "2372"]
[Annotator "NA"]
[PlyCount "156"]
[EventDate "2022.02.12"]
[EventCountry "URU"]
[SourceTitle "playchess.com"]
[Source "ChessBase"]
[SourceQuality "1"]
[TimeControl "5400+30"]

1. c4 {[%emt 0:00:07]} c6 {[%emt 0:08:31]} 2. e4 {[%emt 0:00:18]} e5 {[%emt 0:00:27]} 3. d4 {[%emt 0:02:03]} d6 {[%emt 0:01:22]} 4. Nc3 {[%emt 0:02:30]} Nf6 {[%emt 0:01:31]} 5. Nf3 {[%emt 0:00:34]} Bg4 {[%emt 0:01:36]} 6. Be2 {[%emt 0:03:04]} Qc7 {[%emt 0:03:12]} 7. O-O {[%emt 0:03:28]} Be7 {[%emt 0:01:08]} 8. Be3 {[%emt 0:00:44]} O-O {[%emt 0:09:05]} 9. Ne1 {[%emt 0:03:18]} Bxe2 {[%emt 0:06:31]} 10. Qxe2 {[%emt 0:01:26]} Nbd7 {[%emt 0:01:34]} 11. Nd3 {[%emt 0:05:29]} Rfe8 {[%emt 0:04:07]} 12. d5 {[%emt 0:00:58]} a6 {[%emt 0:03:16]} 13. Rac1 {[%emt 0:00:58]} Qb8 {[%emt 0:05:34]} 14. f3 {[%emt 0:03:40]} Rc8 {[%emt 0:04:08]} 15. b3 {[%emt 0:07:03]} Bd8 {[%emt 0:04:41]} 16. Qf2 {[%emt 0:02:44]} c5 {[%emt 0:04:43]} ({Black should play} 16... Ba5 $14) 17. g4 {[%emt 0:00:56]} Ba5 {[%emt 0:07:38] [#]} 18. Ne2 $1 {[%emt 0:01:03]} Rf8 {[%emt 0:06:16]} 19. Ng3 {[%emt 0:01:31]} Kh8 {[%emt 0:02:34]} 20. Qg2 {[%emt 0:04:45]} Ng8 {[%emt 0:04:55]} 21. Kh1 {[%emt 0:01:31]} (21. h4 $18) 21... b5 {[%emt 0:01:42]} 22. h4 {[%emt 0:12:44]} Bd8 {[%emt 0:01:26]} (22... bxc4 $16 {might work better.} 23. Rxc4 (23. bxc4 Ne7 $16) 23... Ne7) 23. Qh3 {[%emt 0:02:43]} (23. f4 $18) 23... Ra7 {[%emt 0:03:49]} 24. g5 {[%emt 0:01:17]} bxc4 {[%emt 0:04:29]} 25. bxc4 {[%emt 0:00:23]} Qc8 {[%emt 0:00:55]} 26. f4 {[%emt 0:00:48]} exf4 {[%emt 0:03:43]} 27. Bxf4 {[%emt 0:05:03]} Bc7 {[%emt 0:01:17]} 28. Rb1 {[%emt 0:03:31]} Ne7 {[%emt 0:01:26]} 29. h5 {[%emt 0:00:59]} Nb6 {[%emt 0:00:34]} 30. Qxc8 {[%emt 0:01:10]} Rxc8 {[%emt 0:01:16]} 31. Rbc1 {[%emt 0:03:38]} Kg8 {[%emt 0:00:35]} 32. e5 {[%emt 0:01:41]} dxe5 {[%emt 0:00:09]} 33. Bxe5 {[%emt 0:00:48]} Rd8 {[%emt 0:01:07]} 34. Ne4 {[%emt 0:01:14]} Nec8 {[%emt 0:01:32]} 35. Rf4 {[%emt 0:08:58]} Nd7 {[%emt 0:00:30]} 36. Bxc7 {[%emt 0:00:45]} Rxc7 {[%emt 0:00:02]} 37. h6 {[%emt 0:01:58]} Re8 {[%emt 0:00:24]} 38. hxg7 {[%emt 0:01:59]} Kxg7 {[%emt 0:00:01]} 39. Rcf1 {[%emt 0:05:00]} Ne5 {[%emt 0:00:03]} 40. Nf6 {[%emt 0:03:49]} Ree7 {[%emt 0:00:17]} 41. Nh5+ {[%emt 0:01:24]} Kf8 {[%emt 0:01:32]} 42. Nxe5 {[%emt 0:00:19]} Rxe5 {[%emt 0:00:01]} 43. Nf6 {[%emt 0:00:22]} Nd6 {[%emt 0:00:38]} 44. Nxh7+ {[%emt 0:00:29]} Kg7 {[%emt 0:00:04]} 45. Nf6 {[%emt 0:01:04]} Rxg5 {[%emt 0:00:07]} 46. Rh4 {[%emt 0:01:20]} Kg6 {[%emt 0:02:11]} (46... Rb7 $11) 47. Ng8 {[%emt 0:01:04]} Nf5 {[%emt 0:00:17]} 48. d6 {[%emt 0:01:11]} Rd7 $2 {[%emt 0:00:58]} (48... Ng3+ $19 49. Kg2 Nxf1+ 50. Kxf1 Rd7 51. Ne7+ Kf6) 49. Ne7+ {[%emt 0:00:31]} Nxe7 {[%emt 0:00:04]} 50. dxe7 {[%emt 0:00:09]} Rxe7 {[%emt 0:00:02]} 51. Rh8 {[%emt 0:00:51]} Kg7 {[%emt 0:00:14]} 52. Rh4 {[%emt 0:00:21]} Re3 {[%emt 0:00:27]} 53. Rg1 {[%emt 0:00:36]} Rxg1+ {[%emt 0:01:04]} 54. Kxg1 {[%emt 0:00:07]} Rc3 {[%emt 0:00:54]} 55. Re4 {[%emt 0:00:43]} Kf6 {[%emt 0:00:25]} 56. Kf2 $19 {[%emt 0:00:51]} Kf5 {[%emt 0:00:45]} 57. Re7 {[%emt 0:00:27]} f6 {[%emt 0:00:06]} 58. Ra7 {[%emt 0:00:24]} Ra3 {[%emt 0:00:25]} 59. Rd7 {[%emt 0:00:38]} Rxa2+ {[%emt 0:00:28]} 60. Ke3 {[%emt 0:00:06]} Ra3+ {[%emt 0:00:07]} 61. Kd2 {[%emt 0:00:14]} Ra2+ {[%emt 0:00:30]} 62. Kd3 {[%emt 0:00:21]} Ra3+ {[%emt 0:00:08]} 63. Kd2 {[%emt 0:00:07]} Ke4 {[%emt 0:00:23]} 64. Rd5 {[%emt 0:00:21]} Ra5 {[%emt 0:00:57]} 65. Kc3 {[%emt 0:00:21]} f5 {[%emt 0:00:27]} 66. Rd6 {[%emt 0:00:18]} f4 {[%emt 0:00:39]} 67. Rc6 {[%emt 0:00:48]} f3 {[%emt 0:00:16]} 68. Kb2 {[%emt 0:01:28]} Ra4 {[%emt 0:00:42]} 69. Kb3 {[%emt 0:00:25]} Ra1 {[%emt 0:00:09]} 70. Rf6 {[%emt 0:00:14]} Ke3 {[%emt 0:01:13]} 71. Re6+ {[%emt 0:00:14]} Kd3 {[%emt 0:00:17]} 72. Rd6+ {[%emt 0:00:44]} Ke2 {[%emt 0:00:02]} 73. Kb2 {[%emt 0:00:32]} Ra5 {[%emt 0:01:32]} 74. Re6+ {[%emt 0:00:23]} Kf1 {[%emt 0:00:03]} 75. Re4 {[%emt 0:00:41]} f2 {[%emt 0:00:06]} 76. Re8 {[%emt 0:00:21]} Ra4 {[%emt 0:00:11]} 77. Kb3 {[%emt 0:00:09]} Rb4+ {[%emt 0:00:30]} 78. Kc3 {[%emt 0:00:07]} Rb6 {[%emt 0:00:26]} 0-1

[Event "V Copa Marcel Duchamp 2022"]
[Site "Montevideo"]
[Date "2022.02.19"]
[Round "9.13"]
[White "Lujan, Carolina"]
[Black "Mateus, Martha"]
[Result "1-0"]
[WhiteElo "2334"]
[BlackElo "2019"]
[Annotator "ChessBase"]
[PlyCount "87"]
[EventDate "2022.02.12"]
[EventCountry "URU"]
[SourceTitle "playchess.com"]
[Source "ChessBase"]
[SourceQuality "1"]
[TimeControl "5400+30"]

1. e4 {[%emt 0:04:38]} c5 2. Nf3 {[%emt 0:00:39]} d6 {[%emt 0:01:58]} 3. d4 {[%emt 0:00:16]} cxd4 {[%emt 0:00:11]} 4. Nxd4 {[%emt 0:00:05]} Nf6 {[%emt 0:00:03]} 5. Nc3 {[%emt 0:00:08]} a6 {[%emt 0:00:03]} 6. Bd3 {[%emt 0:00:09]} e5 {[%emt 0:00:05]} 7. Nde2 {[%emt 0:00:09]} Be7 {[%emt 0:00:58]} 8. O-O {[%emt 0:00:18]} Be6 {[%emt 0:00:48]} 9. Ng3 {[%emt 0:03:01]} O-O {[%emt 0:09:06]} 10. Nd5 {[%emt 0:04:08]} Nbd7 {[%emt 0:06:21]} 11. c4 {[%emt 0:02:30]} Re8 {[%emt 0:07:26]} 12. h3 {[%emt 0:15:51]} Bf8 {[%emt 0:05:23]} 13. Be3 {[%emt 0:04:04]} Rc8 {[%emt 0:02:07]} 14. b4 {[%emt 0:02:19]} Bxd5 {[%emt 0:17:24]} 15. cxd5 {[%emt 0:01:55]} Nb6 {[%emt 0:07:21]} 16. Qb3 {[%emt 0:01:53]} g6 {[%emt 0:13:29]} 17. Rac1 {[%emt 0:10:07]} h5 {[%emt 0:03:21]} 18. b5 {[%emt 0:07:21]} a5 {[%emt 0:02:13]} 19. Rxc8 {[%emt 0:00:39]} Nxc8 {[%emt 0:00:06]} 20. b6 {[%emt 0:00:17]} Nd7 {[%emt 0:11:35]} 21. Bb5 {[%emt 0:02:40]} Re7 {[%emt 0:01:02]} 22. Qa3 {[%emt 0:01:56]} h4 {[%emt 0:07:49]} 23. Ne2 {[%emt 0:00:15]} Nc5 {[%emt 0:02:10]} 24. Qxa5 {[%emt 0:15:21]} Nxe4 {[%emt 0:00:41]} 25. Rc1 {[%emt 0:02:18]} Nc5 {[%emt 0:00:22]} 26. Bg5 {[%emt 0:07:33]} Qxb6 {[%emt 0:00:10]} 27. Qxb6 {[%emt 0:00:09]} Nxb6 {[%emt 0:00:03]} 28. Bxe7 {[%emt 0:00:05]} Bxe7 {[%emt 0:00:04]} 29. Nc3 {[%emt 0:00:31]} e4 {[%emt 0:01:47]} 30. Nxe4 {[%emt 0:04:41]} Nxe4 {[%emt 0:00:04]} 31. Re1 {[%emt 0:00:03]} Bf6 {[%emt 0:01:11]} 32. Rxe4 {[%emt 0:00:14]} Nxd5 {[%emt 0:00:06]} 33. Re8+ {[%emt 0:00:37]} Kg7 {[%emt 0:00:04]} 34. Rb8 {[%emt 0:00:17]} b6 {[%emt 0:00:53]} 35. Bc4 {[%emt 0:00:23]} Nc3 {[%emt 0:00:56]} 36. Rxb6 {[%emt 0:00:24]} d5 {[%emt 0:00:03]} 37. Bb3 {[%emt 0:00:15]} Bd4 {[%emt 0:00:28]} 38. Rb7 {[%emt 0:01:53]} Kf6 {[%emt 0:00:34]} 39. a4 {[%emt 0:01:30]} Ke6 {[%emt 0:00:28]} 40. a5 {[%emt 0:00:45]} Ne4 {[%emt 0:00:29]} 41. a6 {[%emt 0:00:39]} Bxf2+ {[%emt 0:00:19]} 42. Kf1 {[%emt 0:00:58]} Bc5 {[%emt 0:01:08]} 43. Bc2 {[%emt 0:01:30]} Nd6 {[%emt 0:00:37]} 44. a7 {[%emt 0:00:49]} 1-0

[Event "V Copa Marcel Duchamp 2022"]
[Site "Montevideo"]
[Date "2022.02.19"]
[Round "9.14"]
[White "Miranda, Rafael"]
[Black "Siddeley, Hugh"]
[Result "1-0"]
[WhiteElo "2264"]
[BlackElo "2000"]
[Annotator "ChessBase"]
[PlyCount "65"]
[EventDate "2022.02.12"]
[EventCountry "URU"]
[SourceTitle "playchess.com"]
[Source "ChessBase"]
[SourceQuality "1"]
[TimeControl "5400+30"]

1. e4 {[%emt 0:00:05]} c5 {[%emt 0:02:36]} 2. Nf3 {[%emt 0:00:06]} Nc6 {[%emt 0:00:05]} 3. d4 {[%emt 0:00:10]} cxd4 {[%emt 0:00:04]} 4. Nxd4 {[%emt 0:00:03]} e5 {[%emt 0:00:08]} 5. Nb5 {[%emt 0:00:04]} d6 {[%emt 0:00:04]} 6. c4 {[%emt 0:00:03]} Be7 {[%emt 0:00:06]} 7. N1c3 {[%emt 0:00:04]} a6 {[%emt 0:00:05]} 8. Na3 {[%emt 0:00:03]} f5 {[%emt 0:00:15]} 9. exf5 {[%emt 0:00:09]} Bxf5 {[%emt 0:00:01]} 10. Nc2 {[%emt 0:00:07]} Nf6 {[%emt 0:01:50]} 11. Ne3 {[%emt 0:00:05]} Be6 {[%emt 0:00:15]} 12. g3 {[%emt 0:00:05]} O-O {[%emt 0:03:07]} 13. Bg2 {[%emt 0:00:05]} Rc8 {[%emt 0:03:47]} 14. Ncd5 {[%emt 0:06:43]} b5 {[%emt 0:03:47]} 15. cxb5 {[%emt 0:01:36]} axb5 {[%emt 0:00:06]} 16. O-O {[%emt 0:00:16]} Nd4 {[%emt 0:07:25]} 17. b4 {[%emt 0:05:44]} Nxd5 {[%emt 0:10:24]} 18. Nxd5 {[%emt 0:01:14]} Kh8 {[%emt 0:09:39]} 19. a3 {[%emt 0:13:22]} Bf6 {[%emt 0:11:10]} 20. Bb2 {[%emt 0:01:34]} Rc4 {[%emt 0:13:17]} 21. Rc1 {[%emt 0:05:38]} Rxc1 {[%emt 0:00:22]} 22. Bxc1 {[%emt 0:00:06]} Qb8 {[%emt 0:04:11]} 23. Bb2 {[%emt 0:01:26]} Nf5 {[%emt 0:02:09]} 24. Qd2 {[%emt 0:03:37]} Bd8 {[%emt 0:06:14]} 25. Rc1 {[%emt 0:05:37]} Ne7 {[%emt 0:03:18]} 26. Nxe7 {[%emt 0:06:28]} Bxe7 {[%emt 0:00:02]} 27. Bd5 {[%emt 0:00:18]} Bh3 {[%emt 0:02:26]} 28. Qe3 {[%emt 0:03:25]} Bd8 {[%emt 0:03:02]} 29. Rc6 {[%emt 0:01:06]} Bd7 {[%emt 0:00:12]} 30. Ra6 {[%emt 0:00:49]} Qc8 {[%emt 0:06:18]} 31. Rxd6 {[%emt 0:01:16]} Bc7 {[%emt 0:01:21]} 32. Qxe5 {[%emt 0:00:26]} Rf6 {[%emt 0:01:04]} 33. Qxf6 {[%emt 0:00:05]} 1-0

[Event "V Copa Marcel Duchamp 2022"]
[Site "Montevideo"]
[Date "2022.02.19"]
[Round "9.15"]
[White "Benitez, Andres"]
[Black "Michailov, Matias"]
[Result "0-1"]
[WhiteElo "1978"]
[BlackElo "2248"]
[Annotator "ChessBase"]
[PlyCount "74"]
[EventDate "2022.02.12"]
[EventCountry "URU"]
[SourceTitle "playchess.com"]
[Source "ChessBase"]
[SourceQuality "1"]
[TimeControl "5400+30"]

1. e4 {[%emt 0:00:04]} e6 {[%emt 0:01:27]} 2. d4 {[%emt 0:00:32]} d5 {[%emt 0:00:17]} 3. Nd2 {[%emt 0:00:32]} a6 {[%emt 0:02:42]} 4. Ngf3 {[%emt 0:00:13]} c5 {[%emt 0:00:08]} 5. exd5 {[%emt 0:00:28]} exd5 {[%emt 0:00:10]} 6. dxc5 {[%emt 0:00:40]} Bxc5 {[%emt 0:00:21]} 7. Nb3 {[%emt 0:00:26]} Ba7 {[%emt 0:00:54]} 8. Be2 {[%emt 0:01:41]} Nf6 {[%emt 0:00:35]} 9. O-O {[%emt 0:00:37]} O-O {[%emt 0:00:41]} 10. Bg5 {[%emt 0:00:21]} Nc6 {[%emt 0:04:28]} 11. c3 {[%emt 0:02:30]} Bg4 {[%emt 0:07:42]} 12. Nfd4 {[%emt 0:10:32]} Bxe2 {[%emt 0:03:37]} 13. Nxe2 {[%emt 0:02:47]} Re8 {[%emt 0:03:13]} 14. Ned4 {[%emt 0:00:46]} h6 {[%emt 0:02:56]} 15. Be3 {[%emt 0:17:53]} Ne5 {[%emt 0:06:48]} 16. Nf5 {[%emt 0:07:47]} Bb8 {[%emt 0:04:40]} 17. Bd4 {[%emt 0:06:03]} Nc6 {[%emt 0:02:09]} 18. Qf3 {[%emt 0:08:50]} Nxd4 {[%emt 0:02:00]} 19. Nbxd4 {[%emt 0:01:01]} Be5 {[%emt 0:08:11]} 20. Rfd1 {[%emt 0:04:52]} Qc7 {[%emt 0:02:18]} 21. g3 {[%emt 0:01:36]} Rad8 {[%emt 0:01:24]} 22. Ne3 {[%emt 0:01:52]} Qb6 {[%emt 0:04:26]} 23. Rab1 {[%emt 0:01:35]} g6 {[%emt 0:02:33]} 24. Ng4 {[%emt 0:01:51]} Nxg4 {[%emt 0:02:04]} 25. Qxg4 {[%emt 0:01:01]} Bg7 {[%emt 0:02:02]} 26. Qf3 {[%emt 0:02:15]} Qa5 {[%emt 0:08:01]} 27. Ra1 {[%emt 0:01:53]} Qa4 {[%emt 0:00:55]} 28. Rd2 {[%emt 0:01:34]} h5 {[%emt 0:00:51]} 29. a3 {[%emt 0:03:23]} h4 {[%emt 0:06:02]} 30. Rad1 {[%emt 0:04:06]} Re4 {[%emt 0:03:54]} 31. Qg2 {[%emt 0:08:38]} Rde8 {[%emt 0:03:57]} 32. Qf1 {[%emt 0:00:58]} Bh6 {[%emt 0:03:44]} 33. Rd3 {[%emt 0:03:35]} Qc4 {[%emt 0:01:46]} 34. Kg2 {[%emt 0:01:21]} Qc8 {[%emt 0:02:40]} 35. Kg1 {[%emt 0:03:15]} b5 {[%emt 0:02:23]} 36. f4 {[%emt 0:00:27]} hxg3 {[%emt 0:03:07]} 37. hxg3 {[%emt 0:00:01]} Qg4 {[%emt 0:00:10]} 0-1

[Event "V Copa Marcel Duchamp 2022"]
[Site "Montevideo"]
[Date "2022.02.19"]
[Round "9.16"]
[White "Sanhueza, Cristian"]
[Black "Meza, Anahi"]
[Result "1-0"]
[WhiteElo "2242"]
[BlackElo "1996"]
[Annotator "ChessBase"]
[PlyCount "107"]
[EventDate "2022.02.12"]
[EventCountry "URU"]
[SourceTitle "playchess.com"]
[Source "ChessBase"]
[SourceQuality "1"]
[TimeControl "5400+30"]

1. e4 {[%emt 0:16:32]} c5 {[%emt 0:00:05]} 2. Nf3 {[%emt 0:00:07]} Nc6 {[%emt 0:00:15]} 3. d4 {[%emt 0:00:10]} cxd4 {[%emt 0:00:07]} 4. Nxd4 {[%emt 0:00:09]} g6 {[%emt 0:00:06]} 5. Nc3 {[%emt 0:00:58]} Bg7 {[%emt 0:00:06]} 6. Be3 {[%emt 0:00:05]} Nf6 {[%emt 0:00:03]} 7. Bc4 {[%emt 0:00:24]} O-O {[%emt 0:00:06]} 8. Bb3 {[%emt 0:00:08]} Re8 {[%emt 0:00:43]} 9. O-O {[%emt 0:03:23]} d6 {[%emt 0:02:11]} 10. h3 {[%emt 0:01:27]} Na5 {[%emt 0:00:44]} 11. Re1 {[%emt 0:04:20]} b6 {[%emt 0:06:35]} 12. Qd2 {[%emt 0:09:16]} Bb7 {[%emt 0:09:11]} 13. Bh6 {[%emt 0:09:13]} Nxb3 {[%emt 0:07:25]} 14. axb3 {[%emt 0:00:20]} Bh8 {[%emt 0:07:58]} 15. Qe3 {[%emt 0:11:36]} Qc8 {[%emt 0:11:51]} 16. Ra4 {[%emt 0:15:13]} a6 {[%emt 0:06:34]} 17. Raa1 {[%emt 0:03:23]} b5 {[%emt 0:00:49]} 18. Qd3 {[%emt 0:00:48]} Qc7 {[%emt 0:05:30]} 19. Rad1 {[%emt 0:01:45]} Rac8 {[%emt 0:00:49]} 20. Re2 {[%emt 0:00:55]} Qc5 {[%emt 0:04:30]} 21. Nf3 {[%emt 0:00:59]} Qh5 {[%emt 0:13:39]} 22. Bc1 {[%emt 0:03:28]} Nd7 {[%emt 0:01:56]} 23. Nd5 {[%emt 0:01:28]} Nf6 {[%emt 0:05:21]} 24. c4 {[%emt 0:02:03]} bxc4 {[%emt 0:02:01]} 25. bxc4 {[%emt 0:00:50]} Nd7 {[%emt 0:01:31]} 26. b3 {[%emt 0:01:01]} a5 {[%emt 0:05:40]} 27. Ra2 {[%emt 0:05:57]} Nc5 {[%emt 0:00:45]} 28. Qe3 {[%emt 0:00:12]} a4 {[%emt 0:04:46]} 29. bxa4 {[%emt 0:00:52]} Ba6 {[%emt 0:00:15]} 30. Nb6 {[%emt 0:04:24]} Rb8 {[%emt 0:00:07]} 31. a5 {[%emt 0:00:05]} Bb7 {[%emt 0:01:30]} 32. Nd5 {[%emt 0:00:39]} Ba6 {[%emt 0:01:17]} 33. Nf4 {[%emt 0:00:25]} Qh6 {[%emt 0:00:24]} 34. Qe2 {[%emt 0:00:12]} Qg7 {[%emt 0:00:20]} 35. Nd5 {[%emt 0:00:54]} Rb7 {[%emt 0:00:44]} 36. Be3 {[%emt 0:00:39]} Ne6 {[%emt 0:01:01]} 37. Rc2 {[%emt 0:02:46]} Qf8 {[%emt 0:00:46]} 38. Qd2 {[%emt 0:00:19]} Bg7 {[%emt 0:00:26]} 39. Nd4 {[%emt 0:00:12]} Nc5 {[%emt 0:00:10]} 40. f3 {[%emt 0:00:17]} Bxd4 {[%emt 0:00:47]} 41. Qxd4 {[%emt 0:01:10]} Rb3 {[%emt 0:00:29]} 42. Nb6 {[%emt 0:01:18]} Ra3 {[%emt 0:00:18]} 43. Bc1 {[%emt 0:00:16]} Rxa5 {[%emt 0:00:14]} 44. Bb2 {[%emt 0:00:15]} f6 {[%emt 0:00:17]} 45. Bc3 {[%emt 0:01:02]} Ne6 {[%emt 0:01:11]} 46. Qd3 {[%emt 0:00:38]} Rg5 {[%emt 0:00:28]} 47. Bd2 {[%emt 0:00:15]} Rc5 {[%emt 0:00:28]} 48. Nd7 {[%emt 0:00:15]} Qf7 {[%emt 0:00:12]} 49. Nxc5 {[%emt 0:00:14]} dxc5 {[%emt 0:00:45]} 50. Be3 {[%emt 0:01:16]} Rb8 {[%emt 0:00:44]} 51. Ra2 {[%emt 0:00:21]} Rb6 {[%emt 0:00:43]} 52. Rda1 {[%emt 0:00:48]} Rd6 {[%emt 0:00:36]} 53. Qb3 {[%emt 0:00:34]} Bc8 {[%emt 0:00:50]} 54. Ra8 1-0

[Event "V Copa Marcel Duchamp 2022"]
[Site "Montevideo"]
[Date "2022.02.19"]
[Round "9.17"]
[White "Dotta, Gian Franco"]
[Black "Curi, Gabriel"]
[Result "0-1"]
[WhiteElo "1991"]
[BlackElo "2205"]
[Annotator "ChessBase"]
[PlyCount "68"]
[EventDate "2022.02.12"]
[EventCountry "URU"]
[SourceTitle "playchess.com"]
[Source "ChessBase"]
[SourceQuality "1"]
[TimeControl "5400+30"]

1. d4 {[%emt 0:04:41]} Nf6 {[%emt 0:00:51]} 2. c4 {[%emt 0:00:08]} e6 {[%emt 0:00:48]} 3. g3 {[%emt 0:00:08]} c5 {[%emt 0:03:11]} 4. d5 {[%emt 0:00:27]} exd5 {[%emt 0:00:05]} 5. cxd5 {[%emt 0:00:05]} d6 {[%emt 0:00:04]} 6. Nc3 {[%emt 0:00:39]} g6 {[%emt 0:00:08]} 7. Nf3 Bg7 {[%emt 0:00:06]} 8. Bg2 {[%emt 0:00:55]} O-O {[%emt 0:00:06]} 9. O-O {[%emt 0:00:09]} a6 {[%emt 0:00:06]} 10. a4 {[%emt 0:00:20]} Re8 {[%emt 0:01:02]} 11. Nd2 {[%emt 0:04:27]} Nbd7 {[%emt 0:00:30]} 12. Re1 {[%emt 0:00:52]} Rb8 {[%emt 0:01:36]} 13. a5 {[%emt 0:00:50]} b5 {[%emt 0:06:04]} 14. axb6 {[%emt 0:02:10]} Nxb6 {[%emt 0:00:07]} 15. e4 {[%emt 0:01:51]} Ng4 {[%emt 0:12:41]} 16. Qe2 {[%emt 0:12:15]} f5 {[%emt 0:07:13]} 17. h3 {[%emt 0:10:09]} Nf6 {[%emt 0:02:34]} 18. Qd3 {[%emt 0:02:58]} Qc7 {[%emt 0:00:32]} 19. Nc4 Nxc4 {[%emt 0:01:30]} 20. Qxc4 {[%emt 0:02:18]} Rb4 {[%emt 0:01:59]} 21. Qd3 {[%emt 0:00:28]} fxe4 {[%emt 0:01:42]} 22. Nxe4 {[%emt 0:02:03]} Nxe4 {[%emt 0:00:51]} 23. Rxe4 {[%emt 0:01:28]} Rexe4 {[%emt 0:09:59]} 24. Bxe4 {[%emt 0:00:06]} Qe7 {[%emt 0:00:29]} 25. f3 {[%emt 0:06:12]} Bd4+ 26. Kh1 Bxb2 {[%emt 0:16:23]} 27. Bxb2 {[%emt 0:02:59]} Rxb2 {[%emt 0:00:08]} 28. Bxg6 {[%emt 0:10:04]} Qg7 {[%emt 0:03:32]} 29. Re1 {[%emt 0:02:54]} Qxg6 {[%emt 0:09:23]} 30. Qxg6+ {[%emt 0:00:08]} hxg6 {[%emt 0:00:04]} 31. Re8+ {[%emt 0:00:11]} Kf7 {[%emt 0:00:04]} 32. Rxc8 {[%emt 0:00:05]} a5 {[%emt 0:00:03]} 33. Kg1 {[%emt 0:07:20]} a4 {[%emt 0:02:22]} 34. Ra8 {[%emt 0:00:27]} c4 {[%emt 0:01:02]} 0-1